274 Fnaf Animatronics - Statistics

General Stats
  • This quiz has been taken 29 times
  • The average score is 60 of 274
Answer Stats
Hint Answer % Correct
Chica
93%
Foxy
93%
Bonnie
87%
Mangle
87%
The Puppet
87%
Toy Bonnie
87%
Toy Chica
87%
Toy Animatronics Toy Freddy
87%
Withered Bonnie
87%
Withered Chica
87%
Withered Foxy
87%
Withered Animatronics Withered Freddy
87%
Balloon Boy
80%
JJ
80%
Shadow Bonnie
80%
Shadow Animatronics Shadow Freddy
80%
Classic Animatronics Freddy Fazbear
73%
Nightmare
67%
Phantom Chica
67%
Phantom Foxy
67%
Phantom Animatronics Phantom Freddy
67%
Springlock Suits Fredbear
60%
Nightmare Bonnie
60%
Nightmare Chica
60%
Nightmare Foxy
60%
Nightmare Fredbear
60%
Nightmare Animatronics Nightmare Freddy
60%
Phantom BB
60%
Phantom Mangle
60%
Phantom Puppet
60%
Shadow Mangle
60%
Shadow Puppet
60%
Spring Bonnie
60%
Nightmare Balloon Boy
53%
Nightmarionne
53%
Plushtrap
53%
Shadow BB
53%
Springtrap
53%
Ballora
47%
Bon-Bon
47%
Bonnet
47%
Funtime Animatronics Circus Baby
47%
Endoskeletons Endo-01
47%
Funtime Foxy
47%
Funtime Freddy
47%
Funtime/Springlock Suit
47%
Jack-O-Bonnie
47%
Jack-O-Chica
47%
Minireena
47%
Nightmare Mangle
47%
Bidybab
40%
Electrobab
40%
Endo-02
40%
Amalgamations Ennard
40%
Funtime Chica
40%
Glamrock Chica
40%
Glamrock Animatronics Glamrock Freddy
40%
Mediocre Melodies Happy Frog
40%
Lolbit
40%
Molten Freddy
40%
Montgomery Gator
40%
Daycare Attendant Moon
40%
Mr. Hippo
40%
Nightmare Cupcake
40%
Nightmare Endo
40%
Orville Elephant
40%
Roxanne Wolf
40%
Scraptrap
40%
Sun
40%
Toy Cupcake
40%
Burntrap
33%
Eclipse
33%
Freddles
33%
Fruit Punch Clown
33%
Artificial Intelligence Voices HandUnit
33%
Juice Fountain Clowns Lemonade Clown
33%
Map Bot
33%
Music Man
33%
Nedd Bear
33%
Pigpatch
33%
Scrap Baby
33%
Shadow Cupcake
33%
Yenndo
33%
Candy Cadet
27%
Ella
27%
Glamrock Endo
27%
Golden Cupcake
27%
Lefty
27%
Mask Bot
27%
Rockstar Bonnie
27%
Rockstar Chica
27%
Rockstar Foxy
27%
Rockstar Freddy
27%
Twisted Bonnie
27%
Twisted Chica
27%
Twisted Foxy
27%
Twisted Animatronics Twisted Freddy
27%
Twisted Wolf
27%
Bucket Bob
20%
Hardmode Animatronics Dark Freddy
20%
DJ Music Man
20%
El Chip
20%
Funtime Cupcake
20%
Unclassified Animatronics Golden Freddy
20%
Helpi
20%
Helpy
20%
Control Module Animatronics Little Joe
20%
Cupcake Animatronics Mr. Cupcake
20%
S.T.A.F.F. Bots Security Bot
20%
Wet Floor Bot
20%
Alien Bot
13%
CAT
13%
Dee Dee
13%
Eleanor
13%
Fetch
13%
July 4th Animatronics Firework Freddy
13%
Winter Animatronics Freddy Frostbear
13%
Glamrock Bonnie
13%
Ignited Bonnie
13%
Ignited Chica
13%
Ignited Foxy
13%
Ignited Animatronics Ignited Freddy
13%
Magician
13%
Mr. Can-Do
13%
Mr. Hugs
13%
Nightmarionne Bot
13%
Pan Stan
13%
Party Freddy
13%
Prize King
13%
Stanley
13%
Tangle
13%
The Agony
13%
The Entity
13%
The Mimic
13%
Electronic Toys Theodore
13%
The Stitchwraith
13%
XOR
13%
Arcade Animatronics 8-Bit Baby
7%
Cupcake Skins 8-Bit Cupcake
7%
Aeronaut Toy Freddy
7%
Arctic Ballora
7%
Attendant Bot
7%
Blackbird
7%
Black Ice Frostbear
7%
Boulder Toy Bonnie
7%
Broiler Baby
7%
Burnt Foxy
7%
Candy's Animatronics Candy the Cat
7%
Captain Foxy
7%
Catrina Toy Chica
7%
Unclassified Animatronics Charlotte Emily
7%
Chocolate Animatronics Chocolate Bonnie
7%
Cindy the Cat
7%
Screampunk Animatronics Clockwork Ballora
7%
Clockwork Minireena
7%
Comedy Bot
7%
Dark Foxy
7%
Dark Springtrap
7%
Dreadbear
7%
Dread Unit
7%
Driver Assist Bot
7%
Easter Bonnie
7%
Egg Baby
7%
False Balloon Boy
7%
False Bonnie
7%
False Chica
7%
False Animatronics False Freddy
7%
False Mangle
7%
Female Computer Voice
7%
Heatwave Animatronics Flamethrower Endo
7%
Flaming Springtrap
7%
Fortune Teller
7%
Frostbite Balloon Boy
7%
Frost Plushtrap
7%
Giant Cupcake
7%
Glamrock Mr. Hippo
7%
Grimm Foxy
7%
Gumball Swivelhands
7%
Highscore Toy Chica
7%
Human Heads
7%
Jetpack Balloon Boy
7%
Liberty Chica
7%
Lonely Freddy
7%
Magician Bot
7%
Magician Mangle
7%
Melted Chocolate Bonnie
7%
Mop Bot
7%
Neon Bonnie
7%
Neon Chica
7%
No. 1 Crate
7%
Party Bot
7%
Plushtrap Chaser
7%
Prototype Glamrock Freddy
7%
Ralpho
7%
Wirelock Hybrids RAT
7%
Circus Animatronics Ringmaster Foxy
7%
Rosie Porkchop
7%
Scorching Chica
7%
Scorching Cupcake
7%
Security Puppet
7%
Server Bot
7%
Holiday Animatronics Shamrock Freddy
7%
Swamp Balloon Boy
7%
System Error Toy Bonnie
7%
Tag-Along Freddy
7%
The Penguin
7%
Unclassified Bots The Scooper
7%
Torch Cupcake
7%
Tutorial Unit
7%
VR Toy Freddy
7%
Forest Animatronics Woodland Toy Freddy
7%
Worker Bot
7%
Yarg Foxy
7%
Funtime Animatronics Baby Crawler
0%
Balloon Boy (CPU)
0%
Baron Von Bear
0%
Big Bad Foxy
0%
Black Heart Bonnie
0%
Blake the Badger
0%
Blank
0%
Burger Toy
0%
Calavera Cupcake
0%
Chester the Chimpanzee
0%
Clown Springtrap
0%
Coils the Birthday Clown
0%
Wicked Tides Animatronics Dark Water Endo
0%
Friendly Face
0%
Great Escape Golden Freddy
0%
Valentine Animatronics Heartsick Baby
0%
Instructor Bot
0%
Exoskeletons Julius's Exoskeleton
0%
Lil' Music Man
0%
Scary Tales Animatronics Little Red Chica
0%
Lollipop
0%
Lucky Boy
0%
Mangle (CPU)
0%
Moldy Cupcake
0%
Monster Cat
0%
Monster Animatronics Monster Rat
0%
Monster Vinnie
0%
Nanny Bot
0%
New Candy
0%
New Cindy
0%
Amalgamations Novel Trilogy's Amalgamation
0%
Old Candy
0%
Origami Cat
0%
Pickle's Robot
0%
Piranha Plushtrap
0%
Pizza Bot
0%
Popgoes Animatronics Popgoes the Weasel
0%
Wasteland Animatronics Radioactive Foxy
0%
R.A.S.C.
0%
Rockstar Foxy's Parrot
0%
Saffron The Squirrel
0%
Sara the Squirrel
0%
Aztec Animatronics Serpent Mangle
0%
Shadow Candy
0%
Shadow Cat
0%
Shadow Rat
0%
Shelly's Exoskeleton
0%
Simon
0%
Stone The Crow
0%
Endoskeletons Suicide Bot
0%
Sunken Toy Bonnie
0%
The Curse
0%
Toxic Springtrap
0%
Toy Bonnie (CPU)
0%
Toy Chica (CPU)
0%
Toy Animatronics (CPU) Toy Freddy (CPU)
0%
Unnamed Fazbear Frights Animatronics
0%
Unnamed Novel Trilogy Animatronics
0%
Unclassified Animatronics (Five Nights at Candy's) Vinnie
0%
VR Springtrap
0%
Wooden Puppets
0%
No matching quizzes found
Score Distribution
Percent of People with Each Score
Percentile by Number Answered
Your Score History
You have not taken this quiz